| 000 | 00882cam a22003017a 4500 | ||
|---|---|---|---|
| 003 | CHAP | ||
| 005 | 20220329134254.0 | ||
| 008 | 971013s r 00010 spa d | ||
| 010 | _a17940 | ||
| 011 | _a18912 | ||
| 035 | _a22997 | ||
| 040 | _cCHAP | ||
| 090 | _aFolleto 8321 | ||
| 100 | 0 | 0 |
_aJuarroz, Roberto. _962259 |
| 245 | 1 | 4 | _aLas bibliotecas y su relación con el mercado del libro y la difusión de la lectura |
| 260 |
_a(s.l. : _bs.e.), _c(s.a.) |
||
| 300 | _a17 h | ||
| 490 | 0 |
_aConferencia _v; 18 |
|
| 590 |
_aBATCH-UPD _b10 _c20130110 _lUCH01 _h0138 |
||
| 590 |
_aBATCH-UPD _b10 _c20130110 _lUCH01 _h2135 |
||
| 590 |
_aCONVERSION _b10 _c20130109 _lUCH01 _h1311 |
||
| 650 | 1 | 4 |
_aBibliotecas. _912488 |
| 650 | 1 | 4 |
_aLibros _xMercadeo. _966666 |
| 830 | 0 |
_aConferencia _v; 18 _926444 |
|
| 901 | _aBK | ||
| 942 | _cFOLL | ||
| 949 |
_aFolleto 8321 _bBC _cB _d-53635 _eB _i22997 _si |
||
| 999 |
_c17940 _d17940 |
||